|
|
|
|
| LEADER |
00000nam0a2200000 4500 |
| 001 |
124835 |
| 005 |
20231101215907.0 |
| 035 |
|
|
|a (RuTPU)RU\TPU\book\135093
|
| 090 |
|
|
|a 124835
|
| 100 |
|
|
|a 20071108d1981 k y0rusy50 ca
|
| 101 |
1 |
|
|a rus
|c eng
|
| 102 |
|
|
|a RU
|
| 105 |
|
|
|a a z 101zy
|
| 200 |
1 |
|
|a Воздушные линии электропередачи
|e переводы докладов Международной конференции по большим электрическим системам (СИГРЭ-78)
|f под ред. В. В. Бургсдорфа
|
| 210 |
|
|
|a Москва
|c Энергия
|d 1981
|
| 215 |
|
|
|a 144 с.
|c ил.
|
| 225 |
1 |
|
|a Энергетика за рубежом
|
| 320 |
|
|
|a Библиография в конце докладов
|
| 606 |
1 |
|
|a Электрические линии передачи, воздушные
|2 stltpush
|3 (RuTPU)RU\TPU\subj\27009
|9 50822
|
| 610 |
1 |
|
|a воздушные линии электропередачи
|
| 610 |
1 |
|
|a исходные критерии
|
| 610 |
1 |
|
|a конструирование
|
| 610 |
1 |
|
|a проверка
|
| 610 |
1 |
|
|a полевые условия
|
| 610 |
1 |
|
|a опоры
|
| 610 |
1 |
|
|a разработка
|
| 610 |
1 |
|
|a каскадные аварии
|
| 610 |
1 |
|
|a предупреждение
|
| 610 |
1 |
|
|a зарубежные страны
|
| 610 |
1 |
|
|a конференции
|
| 675 |
|
|
|a 621.315.1(063)
|v 4
|
| 702 |
|
1 |
|a Бургсдорф
|b В. В.
|4 340
|
| 801 |
|
1 |
|a RU
|b 63413507
|c 20071108
|g PSBO
|
| 801 |
|
2 |
|a RU
|b 63413507
|c 20211208
|g PSBO
|
| 942 |
|
|
|c BK
|